000 01134nam a22002537a 4500
001 76897
003 BD-RjUL
005 20211209082912.0
008 200204s2017 bg ||||| |||| 00| 0 ben d
020 _a9789843422583
035 _a(BD-RjUL)77121
040 _aBD-RjUL
_beng
_cBD-RjUL
041 _aeng
082 _223
_a954.14
_bRAO 2017
100 _aরহমান, সরদার আবদুর
_9238744
245 _aউড়িষ্যা-কামরূপ বিজয়ী বাঙালী বীর কালাপাহাড় /
_cসরদার আবদুর রহমান
260 _aরাজশাহী :
_bহেরিটেজ রাজশাহী,
_c২০১৭
300 _a১২০ পৃ. :
_bচিত্র, ম্যাপ ;
_c২২ সেমি.
490 _aবরেন্দ্র জীবনী গ্রন্থমালা-১
504 _aবিবলিওগ্রাফি ও ইনডেক্স সম্বলিত।
651 _aBengal (India)
_xHistory, Military.
_9238745
651 _aGaur (India)
_xHistory, Military.
_9238746
942 _2ddc
_cBK
999 _c76897
_d76897